Llwytho...
The Vultures /
| Prif Awdur: | |
|---|---|
| Fformat: | Printed Book |
| Cyhoeddwyd: |
New Delhi :
Hind Pocket Book .
1974.
|
| Pynciau: |
| LEADER | 00409cam a2200133ua 4500 | ||
|---|---|---|---|
| 082 | 1 | 4 | |a IN822.914 |b VIJ-T |
| 100 | 1 | |a Tendulkar, Vijay . | |
| 245 | 1 | 0 | |a The Vultures / |
| 260 | |a New Delhi : |b Hind Pocket Book . |c 1974. | ||
| 300 | |a 139p.; | ||
| 650 | 0 | |a English drama | |
| 942 | |c SEC.COL | ||
| 999 | |c 28545 |d 28545 | ||
| 952 | |0 0 |1 0 |4 0 |6 IN_822_914000000000000_VIJT |7 0 |9 36547 |a KU |b KU |d 2015-07-05 |o IN822.914 VIJ-T |p EN03263 |y SEC.COL | ||